000 00488nam a22001697a 4500
999 _c526309
_d526309
003 NUST
020 _qH/B
038 _awaseem
082 _a297
_bISM
100 _aIsmail, Malik Azhar
_917289
245 _aUmaat-e-Muslama Ki Tashkil-i-Noo /
_cMalik Azhar Ismail
260 _aRawalpindi :
_bGhani Printing,
_c2010.
300 _a194 p. ;
880 _6100-01\r
_aملک اظہر اسماعیل
880 _6245-02\r
_aاُمتِ مسلمہ کی تشکیلِ نو /
942 _2ddc
_cBK